Sports Quiz

Random Sports or NFL Quiz

NFL Most and Least Points 2010 Quiz Stats

 Plays Quiz not verified by Sporcle

Challenge
Share
Tweet
Embed
Score 0/10 Timer 01:00
0 Plays Today
Rank Team % Correct
1New England Patriots
96.4%
32Carolina Panthers
75.4%
4Indianapolis Colts
71.8%
31Cleveland Browns
71.8%
3Philadelphia Eagles
66.7%
5Atlanta Falcons
61.5%
2San Diego Chargers
59.5%
28Buffalo Bills
57.9%
30Miami Dolphins
42.6%
29Minnesota Vikings
39.5%

You're not logged in!

Compare scores with friends on all Sporcle quizzes.
Join for Free
OR
Log In

You Might Also Like...

Show Comments

Extras

Created Jan 3, 2011SourceReportNominate
Tags:NFL Quiz, Most Points

Top Quizzes Today


Score Distribution

Your Account Isn't Verified!

In order to create a playlist on Sporcle, you need to verify the email address you used during registration. Go to your Sporcle Settings to finish the process.

Report this User

Report this user for behavior that violates our Community Guidelines.

Details: